Hughes electrical technology /

Saved in:
Bibliographic Details
Main Author: Hughes, Edward, 1888-
Format: Book
Language:English
Published: Harlow [England] ; New York : Longman Scientific and Technical ; Wiley, 1995.
Edition:7th ed.
Subjects:
Tags: Add Tag
No Tags, Be the first to tag this record!
Institutions: Mạng thư viện Đại học Đà Nẵng
LEADER 00924cam a2200349 i 4500
001 000046109
003 5380
005 20030317102847.0
008 010220|1995 vm 000 eng
020 |a 0582226961 
040 |a IRC  |c IRC  |d IRC 
041 0 |a eng 
082 1 4 |a 621.3  |b HU-E 
100 1 |a Hughes, Edward,  |d 1888- 
245 0 0 |a Hughes electrical technology /  |c Edward Hughes. 
250 |a 7th ed. 
260 |a Harlow [England] ; New York :  |b Longman Scientific and Technical ; Wiley,  |c 1995. 
300 |a xi, 803p. :  |b ill. (some col.) 
630 0 4 |a Electronics. 
630 0 4 |a Electric engineering. 
650 0 4 |a Electronics. 
650 0 4 |a Electric engineering. 
OWN |a DUT 
999 |a From the UDN01 
TYP |a Monograph 
TYP |a Printed language 
980 |a Mạng thư viện Đại học Đà Nẵng